The Britannica guide to India climate change: (Record no. 35989)
[ view plain ]
| 000 -LEADER | |
|---|---|
| fixed length control field | 00754nam a22002057a 4500 |
| 005 - DATE AND TIME OF LATEST TRANSACTION | |
| control field | 2010051205045.0 |
| 008 - FIXED-LENGTH DATA ELEMENTS--GENERAL INFORMATION | |
| fixed length control field | 091015t xxu||||| |||| 00| 0 eng d |
| 020 ## - INTERNATIONAL STANDARD BOOK NUMBER | |
| Terms of availability | 395.00 |
| International Standard Book Number | 9781845298678 |
| 037 ## - SOURCE OF ACQUISITION | |
| Source of stock number/acquisition | Pansy Books |
| 040 ## - CATALOGING SOURCE | |
| Original cataloging agency | dpl |
| Language of cataloging | English |
| 100 ## - MAIN ENTRY--PERSONAL NAME | |
| Personal name | May, Robert M. |
| 245 ## - TITLE STATEMENT | |
| Title | The Britannica guide to India climate change: |
| Statement of responsibility, etc | by Robert M. May |
| Remainder of title | an unbiased guide to the key issue of our age / |
| 260 ## - PUBLICATION, DISTRIBUTION, ETC. (IMPRINT) | |
| Place of publication, distribution, etc | Philadelphia |
| Name of publisher, distributor, etc | Running Press Book |
| Date of publication, distribution, etc | 2008 |
| 270 ## - ADDRESS | |
| Address | 2300 Chestnut Street |
| City | Philadelpia |
| 300 ## - PHYSICAL DESCRIPTION | |
| Extent | xvi, 460p. |
| Dimensions | 20cm(pbk) |
| 500 ## - GENERAL NOTE | |
| General note | Includes index |
| 942 ## - ADDED ENTRY ELEMENTS (KOHA) | |
| Source of classification or shelving scheme | Dewey Decimal Classification |
| Item type | English Books |
| Call number suffix | MAY |
| Withdrawn status | Lost status | Source of classification or shelving scheme | Damaged status | Not for loan | Home library | Current library | Date acquired | Cost, normal purchase price | Total Checkouts | Full call number | Date last seen | Cost, replacement price | Koha item type |
|---|---|---|---|---|---|---|---|---|---|---|---|---|---|
| Dewey Decimal Classification | Ordered | Andrews Gunj | Andrews Gunj | 12/05/2010 | 395.00 | MAY | 12/05/2010 | 395.00 | English Books |
